|
|
|
|
| LEADER |
00000nam0a2200000 4500 |
| 001 |
372273 |
| 005 |
20231102012447.0 |
| 035 |
|
|
|a (RuTPU)RU\TPU\retro\29695
|
| 035 |
|
|
|a RU\TPU\book\269288
|
| 090 |
|
|
|a 372273
|
| 100 |
|
|
|a 20221214d1980 k y0rusy50 ca
|
| 101 |
1 |
|
|a rus
|c eng
|
| 102 |
|
|
|a RU
|
| 105 |
|
|
|a a z 001zy
|
| 200 |
1 |
|
|a Классическая кинетическая теория жидкостей и газов
|e пер. с англ.
|f П. Резибуа, М. Де Ленер
|
| 210 |
|
|
|a Москва
|c Мир
|d 1980
|
| 215 |
|
|
|a 423 с.
|c ил.
|
| 320 |
|
|
|a Библиогр.: с. 413-415.
|
| 320 |
|
|
|a Именной и предметный указатель: 416-419.
|
| 606 |
1 |
|
|a Кинетическая теория жидкостей
|2 stltpush
|3 (RuTPU)RU\TPU\subj\14356
|9 40759
|
| 606 |
1 |
|
|a Кинетическая теория газов
|2 stltpush
|3 (RuTPU)RU\TPU\subj\14355
|9 40758
|
| 610 |
1 |
|
|a стохастические процессы
|
| 610 |
1 |
|
|a теория
|
| 610 |
1 |
|
|a марковские процессы
|
| 610 |
1 |
|
|a броуновское движение
|
| 610 |
1 |
|
|a уравнения Фоккера-Планка
|
| 610 |
1 |
|
|a гауссовы процессы
|
| 610 |
1 |
|
|a теорема Винера-Хинчина
|
| 610 |
1 |
|
|a теорема Дуба
|
| 610 |
1 |
|
|a уравнения Больцмана
|
| 610 |
1 |
|
|a уравнение Энского
|
| 610 |
1 |
|
|a кинетические уравнения
|
| 610 |
1 |
|
|a твердые шары
|
| 610 |
1 |
|
|a динамика
|
| 610 |
1 |
|
|a разложение
|
| 610 |
1 |
|
|a корреляционные функции
|
| 610 |
1 |
|
|a вычисление
|
| 610 |
1 |
|
|a приложения
|
| 675 |
|
|
|a 532.7
|v 3
|
| 675 |
|
|
|a 533.7
|v 3
|
| 700 |
|
1 |
|a Резибуа
|b П.
|g Пьер
|
| 701 |
|
1 |
|a Де Ленер
|b М.
|
| 801 |
|
1 |
|a RU
|b 63413507
|c 20140113
|
| 801 |
|
2 |
|a RU
|b 63413507
|c 20221214
|g RCR
|
| 942 |
|
|
|c BK
|